| 000 | 00443nam a2200133 a 4500 | ||
|---|---|---|---|
| 001 | 000030988 | ||
| 005 | 20200930062631.0 | ||
| 008 | 110609s1944 dr 000 0 spa d | ||
| 040 |
_aDO-SdBNP _bspa _cBNPHU |
||
| 245 | 0 | 3 | _aEl primer centenario de la República Dominicana. |
| 260 |
_aCiudad Trujillo, República Dominicana : _bEditorial "La Nación" de L. Sánchez Andújar, _c1944. |
||
| 300 |
_a99 p. : _bil., retrs. ; _c24 cm. |
||
| 049 | _aBNPD | ||
| 999 |
_c30480 _d30480 |
||